000
00337 a2200169 4500
001
184798
020
_a
85-16-01034-1
040
_c
Magnum
100
_a
Jaf, Ivan
240
1
0
_a
Beijo na boca
_l
por
245
1
0
_a
Beijo na boca
300
_a
362
0
_a
1994
440
1
_a
Moderna
697
_a
LITERATURA JUVENIL
942
_c
BK
999
_c
184798
_d
184798